000 00274nam a22001337a 4500
008 170522b xxu||||| |||| 00| 0 eng d
020 _a9780140138566
041 _aeng
080 _a94
100 _a16
101 _aSHH
245 _aGRANTA
_cCOWLEY,R
942 _2udc
_cBK
999 _c13661
_d13661